000 01827cam a22005534i 4500
003 PE-LiUPU
005 20250731170414.0
008 170508s1969 xxu r 000 0 spa d
020 _a0311425003
035 _a(Sirsi) a203901
040 _aPE-LiUPU
049 _aPRUA
082 0 4 _a150
_bH11
_220
100 1 _aHaas, Harold I.,
_eautor.
040 _aPE-LiUPU
_bspa
_cPE-LiUPU
_erda
245 1 3 _aEl cristiano frente a los problemas mentales /
_cHarold I. Haas.
264 _aEE.UU :
_bCasa bautista,
_c1969.
300 _a106 páginas ;
_c19 centímetros.
336 _atext
_2rdacontent
337 _aunmediated
_2rdamedia
338 _avolume
_2rdacarrier
505 0 _a¿Qué es la enfermedad mental? -- ¿Qué es lo que produce la enfermedad mental? -- ¿Cuál es el tratamiento para la enfermedad mental? -- ¿Cómo se puede reconocer la necesidad de ayuda? -- ¿Dónde se puede encontrar la ayuda necesaria? -- ¿Cómo se puede vivir con los problemas emocionales? -- ¿Cuál es la responsabilidad de la iglesia?.
526 _aSEG68
526 _aSEG70
526 _aSEG69
526 _aSEG67
526 _aSEG43
526 _aP144
526 _aP143
526 _aP131
526 _aP122
526 _aP120
526 _aP117
526 _aP112
526 _aP110
526 _aP106
526 _aP101
526 _aP80
526 _aP59
526 _aP54
526 _aP35
526 _aP33
526 _aP30
650 1 4 _aEnfermedades mentales.
596 _a1
942 _2ddc
_cBOOK
999 _a150 H11
_wDEWEY
_c20280
_i75808
_f2021-11-25
_g4
_lCCODEBUL1
_mBUL
_p5.00
_r0
_sY
_tBOOK
_u2017-5-8
_xSALUD
_PP85
_0COMPRA
_o.STAFF. Colección Teología
_d20280
980 _81
_gALBERTO SANCHEZ Responsable de Automatización